000 00509nam a2200217Ia 4500
003 OSt
005 20230318100958.0
008 210423s1986 xx 000 0 und d
020 _a669045292
040 _cAL
041 _aeng
082 _a540
_223
_bZUMS
100 _aZUMDAHL (Steven S).
_976319
245 _aChemistry.
260 _aToronto
_bDelhi Law House
_c1986
300 _axix,1023,A60,B16
_bHB
365 _cINR
650 _aChemistry
_976320
906 _aChemistry.
942 _2ddc
_cBK
999 _c153772
_d153772